<?xml version="1.0" encoding="UTF-8"?>
<record
    xmlns:xsi="http://www.w3.org/2001/XMLSchema-instance"
    xsi:schemaLocation="http://www.loc.gov/MARC21/slim http://www.loc.gov/standards/marcxml/schema/MARC21slim.xsd"
    xmlns="http://www.loc.gov/MARC21/slim">

  <leader>01132nam a22001937a 4500</leader>
  <controlfield tag="008">150924s2013    mx ad||| |||| 000 0 spa d</controlfield>
  <datafield tag="020" ind1=" " ind2=" ">
    <subfield code="a">978-607-9026-34-9</subfield>
  </datafield>
  <datafield tag="050" ind1=" " ind2="4">
    <subfield code="a">JL1231 M45 T.8</subfield>
  </datafield>
  <datafield tag="100" ind1="1" ind2=" ">
    <subfield code="a">MEJ&#xCD;A Pedroza, Nicol&#xE1;s</subfield>
    <subfield code="e">, autor. </subfield>
  </datafield>
  <datafield tag="245" ind1="1" ind2="0">
    <subfield code="a">Balance y perspectivas del desarrollo municipal</subfield>
    <subfield code="c"> / Nicol&#xE1;s Mej&#xED;a Pedroza; Coordinaci&#xF3;n general de la obra: Alejandro Carrillo Castro.</subfield>
  </datafield>
  <datafield tag="260" ind1=" " ind2=" ">
    <subfield code="a">M&#xE9;xico</subfield>
    <subfield code="b">: Instituto Nacional de Administraci&#xF3;n P&#xFA;blica</subfield>
    <subfield code="c">, 2013.</subfield>
  </datafield>
  <datafield tag="300" ind1=" " ind2=" ">
    <subfield code="a">212 p: </subfield>
    <subfield code="b">il. gr&#xE1;ficas; </subfield>
    <subfield code="c">25 cm.</subfield>
  </datafield>
  <datafield tag="490" ind1=" " ind2="4">
    <subfield code="a">200 a&#xF1;os de administraci&#xF3;n p&#xFA;blica en M&#xE9;xico.</subfield>
    <subfield code="v">8.</subfield>
  </datafield>
  <datafield tag="500" ind1=" " ind2=" ">
    <subfield code="a">Incluye bibliograf&#xED;a (p. 209-212)</subfield>
  </datafield>
  <datafield tag="505" ind1="2" ind2=" ">
    <subfield code="a">Notas introductorias.
Organizaci&#xF3;n del poder local. Dela &#xE9;poca colonial al siglo XIX; la &#xE9;poca revolucionaria, la constituci&#xF3;n federal y el municipio; la instituci&#xF3;n municipal  en el proceso del desarrollo nacional ; escenario actual del desarrollo municipal; presente y futuro del municipio en M&#xE9;xico.Reflexiones finales.</subfield>
  </datafield>
  <datafield tag="650" ind1="1" ind2=" ">
    <subfield code="a">MUNICIPIO</subfield>
    <subfield code="x">DESARROLLO</subfield>
    <subfield code="x">HISTORIA</subfield>
    <subfield code="z">M&#xC9;XICO</subfield>
  </datafield>
  <datafield tag="700" ind1="1" ind2=" ">
    <subfield code="a">CARRILLO Castro, Nicol&#xE1;s, </subfield>
    <subfield code="e">Coordinaci&#xF3;n general de la obra.</subfield>
  </datafield>
  <datafield tag="942" ind1=" " ind2=" ">
    <subfield code="c">LB</subfield>
  </datafield>
  <datafield tag="952" ind1=" " ind2=" ">
    <subfield code="0">0</subfield>
    <subfield code="1">0</subfield>
    <subfield code="4">0</subfield>
    <subfield code="7">0</subfield>
    <subfield code="a">04</subfield>
    <subfield code="b">04</subfield>
    <subfield code="d">2015-09-24</subfield>
    <subfield code="l">0</subfield>
    <subfield code="o">JL1231 M45 T.8</subfield>
    <subfield code="p">04 005766</subfield>
    <subfield code="r">2015-09-24</subfield>
    <subfield code="t">1</subfield>
    <subfield code="w">2015-09-24</subfield>
    <subfield code="y">LB</subfield>
  </datafield>
  <datafield tag="999" ind1=" " ind2=" ">
    <subfield code="c">98180</subfield>
    <subfield code="d">98180</subfield>
  </datafield>
</record>
